LIBRARY & INFORMATION CENTRE, KCAET, TAVANUR

ONLINE PUBLIC ACCESS CATALOGUE (OPAC)

Ente mannu / (Record no. 588)

MARC details
000 -LEADER
fixed length control field 00448cam a2200169ua 4500
041 ## - LANGUAGE CODE
Language code of text/sound track or separate title mal
082 ## - DEWEY DECIMAL CLASSIFICATION NUMBER
Classification number 894.812 2
Item number PAD/EN
100 ## - MAIN ENTRY--AUTHOR NAME
Personal name Padmanabha Pillai, Cherukara .
245 ## - TITLE STATEMENT
Title Ente mannu /
260 ## - PUBLICATION, DISTRIBUTION, ETC. (IMPRINT)
Place of publication Thrissur :
Name of publisher Current Books ,
Year of publication 1959.
300 ## - PHYSICAL DESCRIPTION
Number of Pages 139 ; .
650 ## - SUBJECT ADDED ENTRY--TOPICAL TERM
Topical Term Drama - Malayalam
942 ## - ADDED ENTRY ELEMENTS (KOHA)
Koha item type Books
Holdings
Withdrawn status Lost status Damaged status Home library Current library Date acquired Full call number Accession Number Koha item type
Withdrawn     KAUAET Central Prison Tavanur 07/04/2012 894.812 2 1751 Books
free website counter